000 01042nam a2200241 a 4500
999 _c6368
_d6368
001 6368
003 BD-JhCC
005 20180122113928.0
008 180122s1988 bg |||| ||a| 000 0 ben d
035 _a(BD-JhCC)6368
040 _aBD-JhCC
_dBD-JhCC
041 _aben
082 _a297.1227
_bISL 1988
100 _aইসলাম, ইমাম হুজ্জাতুল
245 _aআহ্কামুল কুরআন (কুরআনের বিধান) প্রথম খণ্ড /
_cইমাম হুজ্জাতুল ইসলাম, আবু বকর ইবন আলী-আর-রাযী এবং আল-জাসসাস আল-হানাফী
260 _aঢাকা :
_bইসলামিক ফাউণ্ডেশন বাংলাদেশ,
_c1988
300 _a942 p. :
_c24 cm.
650 _aAl-Quran
700 _aআলী-আর-রাযী, আবু বকর ইবন
700 _aআল-হানাফী, আল-জাসসাস
942 _2ddc
_cBK